Chung cư Hưng Lộc 7 tầng thành phố Vinh
Chuyên ngành: Xây dựng; Khóa luận tốt nghiệp Đại học trường Đại học Thủ Dầu Một (liên thông); TM tài liệu tham khảo tr. 198; Gồm các phần: Phần I. Mở đầu; Phần II. Kết cấu: Chương 2. Thiết kế kết cấu sàn (sàn tầng 3)--Chương 3. Thiết k...
Wedi'i Gadw mewn:
| Prif Awdur: | |
|---|---|
| Awduron Eraill: | |
| Fformat: | Llyfr |
| Iaith: | Undetermined |
| Cyhoeddwyd: |
Bình Dương, 2015
|
| Pynciau: | |
| Mynediad Ar-lein: | http://lrc.tdmu.edu.vn/opac/search/detail.asp?aID=2&ID=26596 |
| Tagiau: |
Ychwanegu Tag
Dim Tagiau, Byddwch y cyntaf i dagio'r cofnod hwn!
|
| Thư viện lưu trữ: | Trung tâm Học liệu Trường Đại học Thủ Dầu Một |
|---|
| LEADER | 01658nam a2200193Ia 4500 | ||
|---|---|---|---|
| 001 | TDMU_26596 | ||
| 008 | 210410s9999 xx 000 0 und d | ||
| 082 | |a 582.1 | ||
| 090 | |b TR121 | ||
| 100 | |a Trần, Thị Ngọc Hiếu | ||
| 245 | 0 | |a Chung cư Hưng Lộc 7 tầng thành phố Vinh | |
| 245 | 0 | |c Trần Thị Ngọc Hiếu; ThS. Nguyễn Minh Hùng, ThS. Nguyễn Minh Thi (Hướng dẫn) | |
| 260 | |a Bình Dương, 2015 | ||
| 300 | |a 199tr. | ||
| 520 | |a Chuyên ngành: Xây dựng; Khóa luận tốt nghiệp Đại học trường Đại học Thủ Dầu Một (liên thông); TM tài liệu tham khảo tr. 198; Gồm các phần: Phần I. Mở đầu; Phần II. Kết cấu: Chương 2. Thiết kế kết cấu sàn (sàn tầng 3)--Chương 3. Thiết kế kết cấu cầu thang bộ--Chương 4. Thiết kế kết cấu khung trục 2--Chương 5. Hồ sơ địa chất và thiết kế phương án móng; Phần III. Thi công: Chương 1. Tổng quan về công tác thi công--Chương 2. Thi công cọc khoan nhồi--Chương 3. Thiết kế biện pháp thi công thân (Cột, dầm, sàn) --Chương 4. Tổng mặt bằng thi công--Chương 5. An toàn trong lao động | ||
| 650 | |a Khóa luận; Xây dựng |x Chung cư Hưng Lộc |z Tp. Vinh (Nghệ An) | ||
| 700 | |a Nguyễn Minh Thi | ||
| 856 | |u http://lrc.tdmu.edu.vn/opac/search/detail.asp?aID=2&ID=26596 | ||
| 980 | |a Trung tâm Học liệu Trường Đại học Thủ Dầu Một | ||